Организация работы с постдоками; Ресурсоэффективные системы в управлении и контроле: взгляд в будущее; Ч. 2

Dettagli Bibliografici
Parent link:Ресурсоэффективные системы в управлении и контроле: взгляд в будущее: сборник научных трудов III Международной конференции школьников, студентов, аспирантов, молодых ученых, 06 - 11 октября 2014 г./ Национальный исследовательский Томский политехнический университет (ТПУ).— , 2014
Ч. 2.— 2014.— [С. 21-25]
Autore principale: Алимова А. Д. Айдана Даулетбаевна
Ente Autore: Национальный исследовательский Томский политехнический университет (ТПУ) Институт кибернетики (ИК) Кафедра компьютерных измерительных систем и метрологии (КИСМ)
Altri autori: Хасенова А. Б. (научный руководитель), Наталинова Н. М. Наталья Михайловна
Riassunto:Заглавие с титульного экрана
Lingua:russo
Pubblicazione: 2014
Serie:Эффективные системы управления качеством
Soggetti:
Accesso online:http://www.lib.tpu.ru/fulltext/c/2014/C47/V2/004.pdf
Natura: MixedMaterials Elettronico Capitolo di libro
KOHA link:https://koha.lib.tpu.ru/cgi-bin/koha/opac-detail.pl?biblionumber=611186

MARC

LEADER 00000naa2a2200000 4500
001 611186
005 20231101132638.0
035 |a (RuTPU)RU\TPU\conf\8894 
035 |a RU\TPU\conf\8883 
090 |a 611186 
100 |a 20150227d2014 k y0rusy50 ca 
101 0 |a rus 
102 |a RU 
105 |a y z 101zy 
135 |a drgn ---uucaa 
181 0 |a i  
182 0 |a b 
200 1 |a Организация работы с постдоками  |f А. Д. Алимова, А. Б. Хасенова  |g науч. рук. Н. М. Наталинова 
203 |a Текст  |c электронный 
225 1 |a Эффективные системы управления качеством 
230 |a 1 компьютерный файл (pdf; 544 Kb) 
300 |a Заглавие с титульного экрана 
320 |a [Библиогр.: с. 25 (2 назв.)] 
337 |a Adobe Reader 
461 1 |0 (RuTPU)RU\TPU\conf\8514  |t Ресурсоэффективные системы в управлении и контроле: взгляд в будущее  |o сборник научных трудов III Международной конференции школьников, студентов, аспирантов, молодых ученых, 06 - 11 октября 2014 г.  |o в 4 ч.  |f Национальный исследовательский Томский политехнический университет (ТПУ)  |d 2014 
463 0 |0 (RuTPU)RU\TPU\conf\8518  |t Ч. 2  |v [С. 21-25]  |d 2014 
610 1 |a труды учёных ТПУ 
610 1 |a электронный ресурс 
610 1 |a организация работы 
610 1 |a постдоки 
610 1 |a конкурентоспособность 
610 1 |a постдокторантура 
610 1 |a дорожные карты 
610 1 |a бизнес-процессы 
610 1 |a научно-исследовательская деятельность 
700 1 |a Алимова  |b А. Д.  |c специалист в области качества  |c эксперт Томского политехнического университета  |f 1991-  |g Айдана Даулетбаевна  |2 stltpush  |3 (RuTPU)RU\TPU\pers\33750 
701 1 |a Хасенова  |b А. Б. 
702 1 |a Наталинова  |b Н. М.  |c специалист в области метрологии  |c доцент Томского политехнического университета  |f 1982-  |g Наталья Михайловна  |2 stltpush  |4 727 
712 0 2 |a Национальный исследовательский Томский политехнический университет (ТПУ)  |b Институт кибернетики (ИК)  |b Кафедра компьютерных измерительных систем и метрологии (КИСМ)  |h 66  |2 stltpush  |3 (RuTPU)RU\TPU\col\18706 
801 2 |a RU  |b 63413507  |c 20150227  |g RCR 
856 4 |u http://www.lib.tpu.ru/fulltext/c/2014/C47/V2/004.pdf 
942 |c BK